000 00681nam a2200253Ia 4500
003 OSt
005 20220918164256.0
006 a|||||r|||| 00| 0
007 ta
008 220917b |||||||| |||| 00| 0 eng d
020 _a0521233216
024 _a37,725
037 _cTextual
040 _aARTS
_cARTS
_beng
041 _2eng
_aeng
082 _aO113,1L49w, 111M1
100 _aRobson Scott W D
_918018
245 0 _aYounger Goethe and the visual arts
260 _aCambridge
_bCUP
_c1981
300 _axii, 175p.
_ccm.
650 _aENGLISH LITERATURE
942 _hO113,1L49w, 111M1
_cTEXL
_2CC
999 _c123950
_d123950